[Event "Elista (m/2) 72/268"]
[Site "?"]
[Date "1998.??.??"]
[Round "?"]
[White "Ivanchuk, Vassily"]
[Black "Ehlvest, Jaan"]
[Result "1-0"]
[WhiteElo "2740"]
[BlackElo "2610"]
[PlyCount "79"]
[EventDate "1998.??.??"]
[Source "ChessBase"]
[SourceDate "1998.02.01"]

1. e4 c5 2. Nf3 d6 3. d4 cxd4 4. Nxd4 Nf6 5. Nc3 a6 6. Bg5 Nbd7 7. Bc4 e6 8. O-O Qa5 9. Qd2 Be7 10. Rad1 h6 11. Be3 Nc5 12. Nb3 Nxb3 13. Bxb3 b5 14. f3 Bb7 15. Qf2 Qc7 16. Qg3 Rg8 17. Qf2 g5 18. Bb6 Qc6 19. Bd4 Nh5 20. Ne2 a5 21. c3 Nf6 22. Bc2 h5 23. a4 Ba6 24. Bxf6 Bxf6 25. Nd4 Bxd4 26. Rxd4 Ke7 27. Rfd1 Rad8 28. e5 dxe5 29. Rxd8 Rxd8 30. Qa7+ Ke8 31. Rxd8+ Kxd8 32. h4 gxh4 33. Be4 Qd6 34. axb5 Bc8 35. Qxa5+ Ke7 36. Qa7+ Kf6 37. Qf2 Kg7 38. Qxh4 Qc5+ 39. Kh2 f5 40. Bc6 1-0

[Event "Kusadasi TUR"]
[Site "?"]
[Date "2006.04.16"]
[Round "2.2"]
[White "Naiditsch Arkadij"]
[Black "Izoria Zviad"]
[Result "1/2-1/2"]
[WhiteElo "2664"]
[BlackElo "2647"]
[PlyCount "229"]
[EventDate "2006.??.??"]
[Source "www.chesslib.no"]
[SourceDate "2004.05.04"]

1. e4 c5 2. Nf3 d6 3. d4 cxd4 4. Nxd4 Nf6 5. Nc3 a6 6. Bg5 Nbd7 7. f4 b5 8. Qe2 e5 9. Nf5 Bb7 10. O-O-O Qb6 11. fxe5 dxe5 12. g3 b4 13. Nd5 Nxd5 14. exd5 Qg6 15. h4 Qxf5 16. Bh3 Qg6 17. Rhf1 f6 18. Bxd7+ Kxd7 19. Qg4+ Kc7 20. d6+ Bxd6 21. Rxd6 Rad8 22. Rxd8 Rxd8 23. Qc4+ Kb8 24. Bd2 Rc8 25. Qb3 a5 26. Rf2 Qe4 27. Rf1 Bd5 28. Qa4 Bb7 29. Qb3 Qc4 30. Qxc4 Rxc4 31. b3 Rg4 32. Be1 Kc7 33. Kd2 Bd5 34. Ke3 Kc6 35. Bf2 h5 36. a3 a4 37. axb4 axb3 38. cxb3 Rxb4 39. Rb1 Kd6 40. Be1 Rb5 41. b4 Ke6 42. Ra1 Rb7 43. Ra5 Rd7 44. b5 Rb7 45. Kd3 Kf5 46. Bf2 Rd7 47. b6 Be4+ 48. Ke2 g6 49. Rc5 Rd6 50. Rc3 Rd8 51. Rc7 Rd5 52. Rc5 Rd8 53. Rc3 Ra8 54. Rb3 Bd5 55. Rb2 Bb7 56. Be3 Ra3 57. Rc2 Rb3 58. Rc7 Ba6+ 59. Kf2 Rb2+ 60. Kg1 Bd3 61. Rc6 Be4 62. Rd6 Rg2+ 63. Kf1 Rxg3 64. Ke2 Rh3 65. Bh6 Rh2+ 66. Ke3 Rh3+ 67. Ke2 Rxh4 68. Bg7 Rh2+ 69. Ke3 Rh3+ 70. Ke2 Rb3 71. Rxf6+ Kg4 72. Re6 Bf5 73. Rxe5 Rxb6 74. Kf2 Rb2+ 75. Kg1 Rb1+ 76. Kh2 Rb2+ 77. Kg1 Rc2 78. Re3 h4 79. Ra3 g5 80. Bf6 Rc1+ 81. Kf2 Rc2+ 82. Kg1 Rc6 83. Ra4+ Kh5 84. Be7 Re6 85. Bd8 Rd6 86. Be7 Rd7 87. Bf6 Rd1+ 88. Kf2 Rd6 89. Be7 Rd7 90. Ba3 Rf7 91. Ra5 Kg4 92. Kg1 Rd7 93. Bc5 Rd1+ 94. Kf2 Rd2+ 95. Kg1 Rd5 96. Ra4+ Kf3 97. Be7 Rd1+ 98. Kh2 Rd2+ 99. Kg1 Rd1+ 100. Kh2 Rd2+ 101. Kg1 Rg2+ 102. Kh1 Rg4 103. Rxg4 Kxg4 104. Kh2 Be4 105. Bd8 Kh5 106. Be7 g4 107. Bd6 Bc6 108. Bc7 Bb7 109. Bd6 Kg6 110. Be7 Kh5 111. Bd6 Bd5 112. Bc7 Be4 113. Bd6 Kg6 114. Be7 Kh5 115. Bd6 1/2-1/2

[Event "Philadelphia"]
[Site "?"]
[Date "1994.??.??"]
[Round "?"]
[White "Wolff, P."]
[Black "Yudasin, L."]
[Result "0-1"]
[WhiteElo "2595"]
[BlackElo "2625"]
[PlyCount "50"]
[EventDate "1994.??.??"]
[Source "ChessBase"]
[SourceDate "1994.06.01"]

1. e4 c5 2. Nf3 d6 3. d4 cxd4 4. Nxd4 Nf6 5. Nc3 a6 6. Bg5 Nbd7 7. Bc4 e6 8. O-O Qc7 9. Bb3 h6 10. Bh4 g5 11. Bg3 Ne5 12. f4 gxf4 13. Rxf4 Bg7 14. Kh1 h5 15. Qe2 Ng6 16. Rff1 h4 17. Ndb5 axb5 18. Nxb5 Qc6 19. Bd5 Qb6 20. Bxd6 Ra5 21. Qc4 Bd7 22. Nc7+ Kd8 23. e5 Nxd5 24. Rxf7 Bxe5 25. Nxd5 Rxd5 0-1

[Event "Polanica Zdroj 83/232"]
[Site "?"]
[Date "2001.??.??"]
[Round "?"]
[White "Baklan, V."]
[Black "Kempinski, R."]
[Result "1/2-1/2"]
[WhiteElo "2599"]
[BlackElo "2595"]
[PlyCount "65"]
[EventDate "2001.??.??"]
[Source "Chess Informant"]
[SourceDate "2001.10.01"]

1. e4 c5 2. Nf3 d6 3. d4 cxd4 4. Nxd4 Nf6 5. Nc3 a6 6. Bg5 Nbd7 7. Bc4 h6 8. Bh4 b5 9. Bd5 Nxd5 10. exd5 Bb7 11. O-O Nb6 12. Nf5 g6 13. Qd4 Rg8 14. Ne3 Bg7 15. Qd3 b4 16. Ncd1 Qd7 17. c4 Na4 18. Re1 Nc5 19. Qe2 O-O-O 20. f3 Rde8 21. Qd2 f5 22. Bf2 g5 23. Nc2 a5 24. Bxc5 dxc5 25. Re6 Rgf8 26. Qe3 Qc7 27. a3 f4 28. Qe2 Rf6 29. axb4 cxb4 30. Nd4 Qc5 31. Qf2 Qxc4 32. Rxa5 Qd3 33. Rc5+ 1/2-1/2

[Event "Open"]
[Site "Kavala GRE"]
[Date "2007.08.11"]
[Round "8"]
[White "Kotronias, V."]
[Black "Kotanjian, T."]
[Result "1-0"]
[WhiteElo "2612"]
[BlackElo "2559"]
[PlyCount "57"]
[EventDate "2007.08.05"]
[Source "www.chesslib.no"]
[SourceDate "2004.05.04"]

1. e4 c5 2. Nf3 d6 3. d4 cxd4 4. Nxd4 Nf6 5. Nc3 a6 6. Bg5 Nbd7 7. f4 b5 8. Bxf6 Nxf6 9. e5 b4 10. Na4 Nd5 11. Bc4 Bb7 12. e6 f5 13. Qf3 Qa5 14. Nb3 Qxa4 15. Bxd5 Bxd5 16. Qxd5 Rc8 17. Qxf5 g6 18. Qf7+ Kd8 19. O-O-O Qc6 20. Rd2 Rc7 21. Rhd1 Qe4 22. g4 g5 23. fxg5 Qe5 24. Nd4 Bg7 25. Qf3 Qc5 26. Nf5 Bxb2+ 27. Kb1 Be5 28. Nh6 Ke8 29. Ng8 1-0

[Event "Pribram Cup"]
[Site "Pribram"]
[Date "1998.??.??"]
[Round "?"]
[White "Vokac, Marek"]
[Black "Movsesian, Sergei"]
[Result "0-1"]
[WhiteElo "2525"]
[BlackElo "2640"]
[PlyCount "80"]
[EventDate "1998.11.??"]
[Source "www.chesslib.no"]
[SourceDate "2004.05.04"]

1. e4 c5 2. Nf3 d6 3. d4 cxd4 4. Nxd4 Nf6 5. Nc3 a6 6. Bg5 Nbd7 7. Bc4 e6 8. Qe2 Qa5 9. Bd2 Qb6 10. Nb3 Qc7 11. O-O b5 12. Bd3 Bb7 13. a4 b4 14. Nd1 d5 15. exd5 Nxd5 16. c4 Nf4 17. Bxf4 Qxf4 18. Na5 Bc8 19. Qe4 Bd6 20. g3 Qxe4 21. Bxe4 Ra7 22. Ne3 Nf6 23. Bg2 Rc7 24. Rfe1 O-O 25. Rad1 Bc5 26. b3 Ne8 27. Nc6 Bb7 28. Ne5 Bxg2 29. Kxg2 Nd6 30. Nc2 a5 31. Nd3 Nb7 32. f4 g6 33. Kf3 Kg7 34. h4 Rfc8 35. Ne5 Ba7 36. g4 Kf8 37. g5 Ke7 38. h5 Bc5 39. h6 f5 40. gxf6+ Kxf6 0-1

[Event "Corr"]
[Site "?"]
[Date "1999.06.30"]
[Round "?"]
[White "Brzozka Stefan (POL)"]
[Black "Kofidis Spyros (GRC)"]
[Result "0-1"]
[WhiteElo "2570"]
[BlackElo "2592"]
[PlyCount "42"]
[EventDate "1999.??.??"]
[Source "www.chesslib.no"]
[SourceDate "2004.05.04"]

1. e4 c5 2. Nf3 d6 3. d4 cxd4 4. Nxd4 Nf6 5. Nc3 a6 6. Bg5 Nbd7 7. Qd2 h6 8. Bh4 e6 9. Be2 b5 10. Qe3 Bb7 11. a3 Qb6 12. f3 Be7 13. Bf2 Rc8 14. O-O Ne5 15. a4 b4 16. a5 Qc7 17. Na4 d5 18. Nb6 Rd8 19. exd5 Nxd5 20. Nxd5 Rxd5 21. f4 Rxd4 0-1

[Event "5th IECC"]
[Site "Antalya"]
[Date "2004.05.18"]
[Round "4"]
[White "Guseinov, Gadir"]
[Black "Kempinski, Robert"]
[Result "0-1"]
[WhiteElo "2548"]
[BlackElo "2586"]
[PlyCount "76"]
[EventDate "2004.05.15"]
[Source "Roberto Alvarez"]
[SourceDate "2004.05.31"]

1. e4 c5 2. Nf3 d6 3. d4 cxd4 4. Nxd4 Nf6 5. Nc3 a6 6. Bg5 Nbd7 7. f4 b5 8. Qe2 e5 9. Nf5 h6 10. Bxf6 Nxf6 11. O-O-O Qc7 12. fxe5 dxe5 13. g4 b4 14. Nd5 Nxd5 15. exd5 Bxf5 16. gxf5 Be7 17. Rg1 Qd6 18. Rg4 O-O 19. Rc4 e4 20. Qxe4 Rfe8 21. Qg4 Qxh2 22. Rc6 Qe5 23. Rc4 a5 24. Qd4 Qxf5 25. d6 Qg5+ 26. Kb1 Bxd6 27. Bd3 Rad8 28. Qa7 Qe3 29. Qxa5 Qd2 30. Rc1 Bf4 31. Rxf4 Qxf4 32. b3 Rd6 33. Bc4 Qd2 34. Qh5 Rf6 35. Qh1 Qc3 36. Rg1 Rf3 37. Rd1 Rf2 38. Rc1 Rxc2 0-1

[Event "4. EU ch.final"]
[Site "IV EU ch.final"]
[Date "1995.??.??"]
[Round "?"]
[White "Cimmino/ITA"]
[Black "Makarov"]
[Result "1/2-1/2"]
[WhiteElo "2480"]
[BlackElo "2645"]
[PlyCount "282"]
[EventDate "1995.??.??"]
[Source "www.chesslib.no"]
[SourceDate "2004.05.04"]

1. e4 c5 2. Nf3 d6 3. d4 cxd4 4. Nxd4 Nf6 5. Nc3 a6 6. Bg5 Nbd7 7. Bc4 Qa5 8. Qd2 e6 9. O-O h6 10. Bh4 Ne5 11. Bb3 g5 12. Bg3 Nh5 13. Rad1 Nxg3 14. fxg3 Be7 15. Nf3 Qc5+ 16. Kh1 Nc4 17. Bxc4 Qxc4 18. Qf2 O-O 19. Rd4 Qc5 20. Qd2 b5 21. Nd1 Bb7 22. Ne3 Rad8 23. c3 Kg7 24. a4 Bc6 25. axb5 axb5 26. Rb4 Ra8 27. Qd3 Ra4 28. Nd4 Bd7 29. Nb3 Qb6 30. e5 f5 31. exd6 Bf6 32. Rf2 Rc8 33. Rd2 g4 34. h4 gxh3 35. gxh3 Rxb4 36. cxb4 Rc4 37. Nc5 Rxb4 38. Nxd7 Qc6+ 39. Ng2 Qxd7 40. Rc2 Rd4 41. Rc7 Rxd3 42. Rxd7+ Kg8 43. Nf4 Rd1+ 44. Kg2 Bxb2 45. Rb7 Rxd6 46. Rxb5 Bd4 47. Nxe6 Rxe6 48. Rxf5 Kg7 49. g4 Bf6 50. Kg3 Kg6 51. Kg2 Rc6 52. Rh5 Bd8 53. Kh1 Rc2 54. Kg1 Bc7 55. Kf1 Bg3 56. Kg1 Kf6 57. Rxh6+ Kg5 58. Ra6 Be5 59. Ra5 Kf4 60. Kf1 Ke4 61. g5 Bf4 62. Ke1 Bd2+ 63. Kd1 Rb2 64. Rc5 Be3 65. Ra5 Rd2+ 66. Ke1 Rg2 67. Kd1 Bxg5 68. h4 Bf6 69. Ra8 Kd3 70. Ke1 Rh2 71. h5 Bd4 72. Ra3+ Ke4 73. h6 Rxh6 74. Kf1 Be3 75. Ke2 Rh2+ 76. Kd1 Rd2+ 77. Ke1 Kf3 78. Rc3 Rd7 79. Ra3 Rc7 80. Rd3 Rc1+ 81. Rd1 Rc5 82. Rd3 Rc1+ 83. Rd1 Rc3 84. Rd6 Bf4 85. Rd1 Ke3 86. Rb1 Be5 87. Kd1 Ra3 88. Rc1 Bb2 89. Rb1 Bd4 90. Kc2 Ke2 91. Rc1 Be5 92. Rb1 Rc3+ 93. Kb2 Kd2 94. Ka2 Re3 95. Rc1 Bc3 96. Rb1 Kc2 97. Rb2+ Kd3 98. Rb1 Kc4 99. Rf1 Rd3 100. Rf4+ Bd4 101. Rf1 Be5 102. Rc1+ Bc3 103. Kb1 Rf3 104. Rd1 Rf2 105. Rd7 Bd4 106. Rh7 Rb2+ 107. Kc1 Re2 108. Kb1 Kc3 109. Rh3+ Be3 110. Rh8 Rb2+ 111. Ka1 Rb7 112. Rc8+ Kb3 113. Kb1 Rb5 114. Ra8 Rh5 115. Rb8+ Kc3 116. Rc8+ Bc5 117. Ra8 Bd6 118. Rc8+ Kb3 119. Rc2 Be5 120. Rb2+ Kc3 121. Rc2+ Kd  122. Rc1 Rh8 123. Rd1+ Kc3 124. Rc1+ Kb3 125. Rc8 Rh1+ 126. Rc1 Rh7 127. Rc2 Rg7 128. Rc6 Ra7 129. Kc1 Bc3 130. Rb6+ Bb4 131. Kb1 Ra5 132. Rc6 Bc5 133. Rg6 Bf2 134. Rd6 Kc3 135. Rc6+ Bc5 136. Rh6 Rb5+ 137. Ka2 Rb2+ 138. Ka1 Re2 139. Rh3+ Kc2 140. Ka2 Bb4 141. Rb3 Re8 1/2-1/2

[Event "Corr"]
[Site "?"]
[Date "1996.??.??"]
[Round "?"]
[White "Copie Jose Antonio"]
[Black "Kofidis Spyros"]
[Result "1-0"]
[WhiteElo "2527"]
[BlackElo "2592"]
[PlyCount "79"]
[EventDate "1996.??.??"]
[Source "www.chesslib.no"]
[SourceDate "2004.05.04"]

1. e4 c5 2. Nf3 d6 3. d4 cxd4 4. Nxd4 Nf6 5. Nc3 a6 6. Bg5 Nbd7 7. Bc4 Qa5 8. Qd2 h6 9. Bxf6 Nxf6 10. O-O-O e6 11. Rhe1 Bd7 12. f4 O-O-O 13. Kb1 b5 14. Bd3 Qb6 15. Nf3 Ne8 16. Ne2 Nc7 17. Ned4 Kb8 18. c3 Rc8 19. h4 Be7 20. h5 Na8 21. g4 Qb7 22. e5 d5 23. f5 b4 24. cxb4 Bxb4 25. Bxa6 Qb6 26. Qe2 Rc5 27. Nb3 Rc7 28. Rg1 Ra7 29. Bd3 Ba4 30. Bc2 Bb5 31. Qh2 Bc4 32. Nc1 Rc7 33. Nd4 Bc5 34. Qd2 f6 35. Rge1 fxe5 36. Rxe5 Bd6 37. Qe3 Rb7 38. Ncb3 exf5 39. Rxf5 Re8 40. Qd2 1-0

[Event "Najdorf"]
[Site "Buenos Aires"]
[Date "1997.??.??"]
[Round "3"]
[White "Zarnicki, Pablo"]
[Black "Spangenberg, Hugo"]
[Result "0-1"]
[WhiteElo "2560"]
[BlackElo "2550"]
[PlyCount "56"]
[EventDate "1997.05.19"]
[Source "ChessBase"]
[SourceDate "1997.10.13"]

1. e4 c5 2. Nf3 d6 3. d4 cxd4 4. Nxd4 Nf6 5. Nc3 a6 6. Bg5 Nbd7 7. Bc4 e6 8. O-O Qa5 9. Qd2 h6 10. Bh4 Ne5 11. Bb3 g5 12. Bg3 Nh5 13. Ba4+ b5 14. Bb3 Nxg3 15. hxg3 Bg7 16. Rad1 O-O 17. Qe2 Qb6 18. Kh1 Qc5 19. f4 Nc4 20. Bxc4 bxc4 21. e5 dxe5 22. Ne4 Qc7 23. fxg5 exd4 24. gxh6 Be5 25. Qh5 f5 26. Rde1 Qf7 27. Qh4 Bf6 28. Nxf6+ Qxf6 0-1

[Event "Pulvermuehle 2nd"]
[Site "Pulvermuehle"]
[Date "2004.02.22"]
[Round "4"]
[White "Conquest, Stuart"]
[Black "Bischoff, Klaus"]
[Result "1/2-1/2"]
[WhiteElo "2543"]
[BlackElo "2561"]
[PlyCount "101"]
[EventDate "2004.02.19"]
[Source "ChessBase"]
[SourceDate "2004.06.01"]

1. e4 c5 2. Nf3 d6 3. d4 Nf6 4. Nc3 cxd4 5. Nxd4 a6 6. Bg5 Nbd7 7. Bc4 Qb6 8. Bb3 e6 9. O-O Be7 10. Kh1 Nc5 11. f4 h6 12. Bh4 Qc7 13. f5 Bd7 14. fxe6 fxe6 15. Bxf6 Bxf6 16. Qh5+ Kd8 17. Rad1 Kc8 18. Qf3 Kb8 19. Qg3 Re8 20. a3 Ka7 21. Ba2 Rf8 22. Rfe1 Be5 23. Qe3 Qb6 24. b4 Na4 25. Nxa4 Bxa4 26. Bxe6 Rf6 27. Bb3 Bxb3 28. cxb3 Raf8 29. Nf3 Qxe3 30. Rxe3 Bb2 31. a4 Ba3 32. b5 axb5 33. axb5 Kb6 34. Rd5 g5 35. h3 h5 36. b4 g4 37. Rxa3 gxf3 38. Rxf3 Rxf3 39. gxf3 Rxf3 40. Rxh5 Re3 41. Kg2 Rxe4 42. Rf5 Rxb4 43. Kg3 Rd4 44. h4 d5 45. h5 Kxb5 46. h6 Rc4 47. h7 Rc8 48. Rf7 Kc6 49. Kf4 b5 50. Ke5 b4 51. Kd4 1/2-1/2

[Event "otb"]
[Site "otb"]
[Date "2007.05.08"]
[Round "7"]
[White "Kuzmin Gennadi P"]
[Black "Vitiugov Nikita"]
[Result "1/2-1/2"]
[WhiteElo "2479"]
[BlackElo "2592"]
[PlyCount "67"]
[Source "www.chesslib.no"]
[SourceDate "2004.05.04"]

1. e4 c5 2. Nf3 d6 3. d4 cxd4 4. Nxd4 Nf6 5. Nc3 a6 6. Bg5 Nbd7 7. Qe2 b5 8. O-O-O Bb7 9. f4 e5 10. Nf5 Qb6 11. g3 Rc8 12. Bg2 g6 13. Ne3 Rxc3 14. bxc3 Qa5 15. Kb1 Qxc3 16. Rd3 Nxe4 17. Nd1 Qc4 18. Re1 f5 19. fxe5 Nxe5 20. Bc1 Bd5 21. Rxd5 Qxd5 22. Bb2 Bg7 23. g4 Qc4 24. gxf5 Qxe2 25. Rxe2 gxf5 26. a4 bxa4 27. Ne3 O-O 28. Nxf5 Rxf5 29. Bxe4 Rf4 30. Ka2 Ng6 31. Bxg6 hxg6 32. Re6 Bxb2 33. Kxb2 Kf7 34. Rxd6 1/2-1/2

[Event "Marcussi Memorial"]
[Site "?"]
[Date "1996.??.??"]
[Round "?"]
[White "Crespo Ramon Jose"]
[Black "Kofidis Spyros"]
[Result "1-0"]
[WhiteElo "2480"]
[BlackElo "2590"]
[PlyCount "49"]
[EventDate "1996.??.??"]
[Source "www.chesslib.no"]
[SourceDate "2004.05.04"]

1. e4 c5 2. Nf3 d6 3. d4 cxd4 4. Nxd4 Nf6 5. Nc3 a6 6. Bg5 Nbd7 7. Bc4 Qa5 8. Qd2 h6 9. Bxf6 Nxf6 10. O-O-O e6 11. Bb3 Be7 12. f4 O-O 13. Rhg1 e5 14. Nf5 Bxf5 15. exf5 exf4 16. Qxf4 d5 17. Qe5 Bc5 18. Nxd5 Ng4 19. Qe1 Qd8 20. Kb1 Kh8 21. Rf1 Nxh2 22. Rh1 Ng4 23. Ne3 Qg5 24. Nxg4 Qxg4 25. Qe5 1-0

[Event "6th Dubai Open"]
[Site "Dubai"]
[Date "2004.04.26"]
[Round "8.9"]
[White "Mamedov, Rauf"]
[Black "Korobov, Anton"]
[Result "1-0"]
[WhiteElo "2494"]
[BlackElo "2571"]
[PlyCount "119"]
[EventDate "2004.04.19"]
[Source "Roberto Alvarez"]
[SourceDate "2004.05.03"]

1. e4 c5 2. Nf3 d6 3. Nc3 Nf6 4. d4 cxd4 5. Nxd4 a6 6. Bg5 Nbd7 7. Bc4 g6 8. Qe2 Bg7 9. O-O-O O-O 10. f4 Qc7 11. Bb3 b5 12. Rhe1 e5 13. Nf3 Bb7 14. fxe5 dxe5 15. Kb1 Rac8 16. Qf2 Nc5 17. Bxf6 Bxf6 18. Nd5 Qd6 19. Qe3 Bg7 20. h4 a5 21. a3 Nxb3 22. Qxb3 Qc5 23. h5 Rfd8 24. hxg6 hxg6 25. Ng5 Bxd5 26. exd5 Qc4 27. Qh3 Qxc2+ 28. Ka1 Rc4 29. Nxf7 Kxf7 30. Qe6+ Kf8 31. Rf1+ Rf4 32. g3 Rf2 33. Rxf2+ Qxf2 34. Qh3 Kg8 35. Rf1 Qb6 36. Rh1 Rd6 37. g4 e4 38. g5 Rxd5 39. Qh7+ Kf7 40. Rf1+ Rf5 41. Rxf5+ gxf5 42. Qxf5+ Ke7 43. Qxe4+ Qe6 44. Qb7+ Qd7 45. Qe4+ Kd6 46. Qe1 a4 47. Qe3 Kc6 48. Qe4+ Kb6 49. Qg6+ Ka7 50. Qc2 Qd6 51. Kb1 Kb6 52. g6 Qc5 53. Qe4 Qd4 54. Qe6+ Kc5 55. Qc8+ Kd5 56. Qd7+ Ke4 57. Qg4+ Kd3 58. Qd1+ Ke3 59. Qe1+ Kf4 60. Qf1+ 1-0

[Event "Wijk aan Zee NED"]
[Site "Wijk aan Zee NED"]
[Date "1973.??.??"]
[Round "?"]
[White "Planinec, Albin"]
[Black "Najdorf, Miguel"]
[Result "1-0"]
[WhiteElo "2525"]
[BlackElo "2525"]
[PlyCount "37"]
[EventDate "1973.??.??"]
[Source "www.chesslib.no"]
[SourceDate "2004.05.04"]

1. e4 c5 2. Nf3 d6 3. d4 cxd4 4. Nxd4 Nf6 5. Nc3 a6 6. Bg5 Nbd7 7. f4 e5 8. Qf3 Be7 9. O-O-O Qc7 10. Bd3 h6 11. Qh3 Nc5 12. Rhe1 Rg8 13. fxe5 hxg5 14. exf6 Bxf6 15. Nd5 Qd8 16. e5 dxe5 17. Bh7 Rh8 18. Nf5 g4 19. Nxf6+ 1-0

[Event "Belgrade Cukarica"]
[Site "Belgrade SCG"]
[Date "1995.??.??"]
[Round "7"]
[White "Todorovic, Goran M"]
[Black "Damljanovic, Branko"]
[Result "1/2-1/2"]
[WhiteElo "2470"]
[BlackElo "2575"]
[PlyCount "85"]
[EventDate "1995.??.??"]
[Source "www.chesslib.no"]
[SourceDate "2004.05.04"]

1. e4 c5 2. Nf3 d6 3. d4 cxd4 4. Nxd4 Nf6 5. Nc3 a6 6. Bg5 Bd7 7. Bc4 e6 8. Qe2 Be7 9. Bb3 O-O 10. f4 b5 11. e5 dxe5 12. fxe5 Ne8 13. Bxe7 Qxe7 14. Qe4 Ra7 15. O-O Rc7 16. Kh1 Nc6 17. Rad1 Nxd4 18. Qxd4 Bc6 19. Qf4 a5 20. a3 Rd7 21. Ne4 Rxd1 22. Rxd1 Qb7 23. Rd4 Nc7 24. c3 Bxe4 25. Qxe4 Qxe4 26. Rxe4 Rd8 27. Kg1 Kf8 28. Rd4 Rxd4 29. cxd4 Ke7 30. Kf2 f5 31. exf6+ Kxf6 32. Kf3 Ne8 33. Bc2 h6 34. Be4 Nd6 35. Bc6 Nf5 36. Ke4 Nd6+ 37. Kd3 Kf5 38. Bd7 Kf6 39. Bc6 g5 40. g3 Kf5 41. Bd7 Kf6 42. Bc6 Ke7 43. Bf3 1/2-1/2

[Event "Kavala op 11th"]
[Site "Kavala"]
[Date "2002.08.12"]
[Round "4"]
[White "Kotronias, Vasilios"]
[Black "Seres, Lajos"]
[Result "1-0"]
[WhiteElo "2578"]
[BlackElo "2462"]
[PlyCount "41"]
[EventDate "2002.08.10"]
[Source "ChessBase"]
[SourceDate "2002.09.11"]

1. e4 c5 2. Nf3 d6 3. d4 cxd4 4. Nxd4 Nf6 5. Nc3 a6 6. Bg5 Nbd7 7. Bc4 Qa5 8. Qd2 e6 9. O-O-O b5 10. Bb3 Bb7 11. Rhe1 O-O-O 12. f3 h6 13. Bh4 Be7 14. a3 Kb8 15. Kb1 Rc8 16. Bf2 Ne5 17. Qe3 Qb6 18. Qd2 Qa5 19. Nde2 Qc7 20. Qe3 Qc5 21. Qxc5 1-0

[Event "Nice ol (Men)"]
[Site "Nice FRA"]
[Date "1974.??.??"]
[Round "13"]
[White "Spassky, Boris Vasily"]
[Black "Cardoso, Radolfo Tan"]
[Result "1-0"]
[WhiteElo "2650"]
[BlackElo "2385"]
[PlyCount "59"]
[EventDate "1974.06.06"]
[Source "www.chesslib.no"]
[SourceDate "2004.05.04"]

1. e4 c5 2. Nf3 d6 3. d4 cxd4 4. Nxd4 Nf6 5. Nc3 a6 6. Bg5 Nbd7 7. Bc4 Qc7 8. Qe2 h6 9. Bxf6 Nxf6 10. O-O-O e6 11. f4 b5 12. Bb3 b4 13. e5 bxc3 14. exf6 cxb2+ 15. Kb1 gxf6 16. Qh5 Bg7 17. f5 O-O 18. fxe6 fxe6 19. Nxe6 Bxe6 20. Bxe6+ Kh8 21. Qg6 Rfe8 22. Rhe1 Re7 23. Bf5 Kg8 24. Qh7+ Kf7 25. Be6+ Ke8 26. Qg8+ Bf8 27. Bf7+ Kd7 28. Rxe7+ Kxe7 29. Re1+ Kd7 30. Be6+ 1-0

[Event "Yerevan"]
[Site "Erevan ARM"]
[Date "1988.??.??"]
[Round "?"]
[White "Ehlvest, Jaan"]
[Black "Anastasian, Ashot"]
[Result "1-0"]
[WhiteElo "2585"]
[BlackElo "2445"]
[PlyCount "33"]
[EventDate "1988.05.??"]
[Source "www.chesslib.no"]
[SourceDate "2004.05.04"]

1. e4 c5 2. Nf3 d6 3. d4 cxd4 4. Nxd4 Nf6 5. Nc3 a6 6. Bc4 Nbd7 7. Bg5 e6 8. O-O b5 9. Bxe6 fxe6 10. Nxe6 Qb6 11. Nd5 Nxd5 12. Qxd5 Nb8 13. Nxf8 Qc6 14. Ne6 Qxd5 15. exd5 Ra7 16. Rfe1 h6 17. Bf4 1-0

[Event "Memorial Xose Enrique Rodriguez Pena"]
[Site "Ourense SPA"]
[Date "2007.06.13"]
[Round "7"]
[White "Korneev, O."]
[Black "Salgado Lopez, I."]
[Result "1-0"]
[WhiteElo "2565"]
[BlackElo "2461"]
[PlyCount "63"]
[EventDate "2007.06.07"]
[Source "www.chesslib.no"]
[SourceDate "2004.05.04"]

1. e4 c5 2. Nf3 d6 3. d4 cxd4 4. Nxd4 Nf6 5. Nc3 a6 6. Bg5 Nbd7 7. Qd2 e6 8. O-O-O b5 9. f3 h6 10. Bxf6 Qxf6 11. Kb1 g5 12. h4 gxh4 13. Qe1 Bb7 14. Rxh4 Ne5 15. g3 Bg7 16. f4 Ng6 17. Rh2 b4 18. Na4 O-O 19. Rf2 Ne7 20. Bg2 e5 21. fxe5 Qxe5 22. Nf5 Nxf5 23. Rxf5 Qe7 24. Nb6 Rae8 25. Qxb4 Rb8 26. Qxd6 Rfd8 27. Nd7 Bxe4 28. Qxe7 Rxb2+ 29. Ka1 Rxd7 30. Rxd7 Rxc2+ 31. Rf6 Bg6 32. Qe8+ 1-0

[Event "Santa Catalina"]
[Site "Santa Catalina"]
[Date "1987.??.??"]
[Round "?"]
[White "Morovic Fernandez, Ivan E"]
[Black "Sunye Neto, Jaime"]
[Result "1-0"]
[WhiteElo "2525"]
[BlackElo "2500"]
[PlyCount "51"]
[EventDate "1987.??.??"]
[Source "www.chesslib.no"]
[SourceDate "2004.05.04"]

1. e4 c5 2. Nf3 d6 3. d4 cxd4 4. Nxd4 Nf6 5. Nc3 a6 6. Bg5 Nbd7 7. Bc4 h6 8. Bxf6 Nxf6 9. Qe2 Qc7 10. O-O-O e5 11. Nf5 Bxf5 12. exf5 Be7 13. Nd5 Nxd5 14. Bxd5 O-O 15. h4 e4 16. g4 Qd8 17. g5 hxg5 18. Qg4 Rc8 19. Rhg1 Rc5 20. hxg5 Qc7 21. Qxe4 Rc8 22. Rd2 Bf8 23. g6 Rxd5 24. Qxd5 Qe7 25. Rh1 Rc7 26. Rh8+ 1-0

[Event "Wch-16 sf2"]
[Site "Wch-16 sf2"]
[Date "1992.??.??"]
[Round "?"]
[White "Glaser, Helmut F"]
[Black "Kofidis, Spyros"]
[Result "0-1"]
[WhiteElo "2440"]
[BlackElo "2585"]
[PlyCount "76"]
[EventDate "1992.??.??"]
[Source "www.chesslib.no"]
[SourceDate "2004.05.04"]

1. e4 c5 2. Nf3 d6 3. d4 cxd4 4. Nxd4 Nf6 5. Nc3 a6 6. Bg5 Nbd7 7. Bc4 Qa5 8. Qd2 h6 9. Bxf6 Nxf6 10. O-O-O e6 11. Rhe1 Bd7 12. f4 O-O-O 13. f5 d5 14. exd5 exf5 15. Qf4 Qc7 16. Qxc7+ Kxc7 17. Nf3 Bd6 18. Ne5 Bxe5 19. Rxe5 Kd6 20. Ree1 Rhe8 21. Be2 Re3 22. Bf3 Rde8 23. Rxe3 Rxe3 24. Rd4 Re1+ 25. Kd2 Rh1 26. h3 g5 27. Rb4 b5 28. a3 g4 29. hxg4 fxg4 30. Be4 Ke5 31. Ne2 a5 32. Rd4 Nxe4+ 33. Rxe4+ Kxe4 34. Ng3+ Kf4 35. Nxh1 g3 36. b3 b4 37. axb4 axb4 38. c4 bxc3+ 0-1

[Event "Parnu"]
[Site "Parnu EST"]
[Date "1971.??.??"]
[Round "9"]
[White "Tal, Mikhail N"]
[Black "Vooremaa, Andres"]
[Result "1-0"]
[WhiteElo "2610"]
[BlackElo "2415"]
[PlyCount "71"]
[EventDate "1971.06.??"]
[Source "www.chesslib.no"]
[SourceDate "2004.05.04"]

1. e4 c5 2. Nf3 d6 3. d4 cxd4 4. Nxd4 Nf6 5. Nc3 a6 6. Bg5 Nbd7 7. Bc4 Qa5 8. Qd2 e6 9. O-O h6 10. Bh4 Ne5 11. Be2 g5 12. Bg3 Be7 13. f4 gxf4 14. Rxf4 Ng6 15. Rf2 Nh5 16. Nb3 Qg5 17. Bxh5 Qxh5 18. Bxd6 Qg5 19. Qd4 e5 20. Qb4 O-O 21. Bxe7 Qxe7 22. Qb6 Be6 23. Nd5 Bxd5 24. exd5 Rad8 25. Rd1 Rd6 26. Qe3 b6 27. c4 Qh4 28. c5 bxc5 29. Nxc5 Qh5 30. Rdf1 Nf4 31. Ne4 Rg6 32. Kh1 f5 33. Nc5 Rd6 34. Ne6 Qf7 35. Nxf8 Rxd5 36. Qb3 1-0

[Event "Darmstadt Integrata 1st"]
[Site "Darmstadt"]
[Date "2001.01.09"]
[Round "2"]
[White "Jakubiec, Artur"]
[Black "Gutman, Lev"]
[Result "1-0"]
[WhiteElo "2488"]
[BlackElo "2533"]
[PlyCount "77"]
[EventDate "2001.01.02"]
[Source "ChessBase"]
[SourceDate "2001.03.20"]

1. e4 c5 2. Nf3 d6 3. d4 cxd4 4. Nxd4 Nf6 5. Nc3 a6 6. Bg5 e5 7. Nf5 Bxf5 8. exf5 Nbd7 9. Bc4 Rc8 10. Bb3 Be7 11. O-O O-O 12. Bxf6 Nxf6 13. Qf3 b5 14. Rfd1 g6 15. fxg6 hxg6 16. Qb7 Rc5 17. Qxa6 d5 18. a4 b4 19. Nxd5 Nxd5 20. Qb7 Qc7 21. Bxd5 Qxb7 22. Bxb7 Rxc2 23. a5 Bc5 24. a6 Bxf2+ 25. Kh1 Ba7 26. Rd7 Kg7 27. Be4 Rc4 28. Rxa7 Rxe4 29. Rb7 Rd4 30. a7 Ra8 31. g4 Rdd8 32. g5 e4 33. Rf1 Rf8 34. Kg2 Rae8 35. Kf2 Re5 36. Ra1 e3+ 37. Ke2 Ree8 38. Rf1 Kg8 39. Rf4 1-0